Statistics for Google Acquisitions

Click here to take the quiz!

General Stats

  • This quiz has been taken 10 times
  • The average score is 4 of 16

Answer Stats

Acquisition DateBusinessCompany% Correct
Ocotber 9, 2006Video SharingYou Tube
89%
April 13, 2007Online AdvertisingDoubleClick
33%
June 11, 2013GPS
Navigation
Software
Waze
33%
August 17, 2005Mobile SoftwareAndroid
22%
January 26, 2014Artificial IntelligenceDeepMind Technologies
22%
August 15, 2011Mobile Device ManufacturerMotorola Mobility
22%
January 13, 2014Home
Automation
Nest Labs, Inc
22%
July 13, 2004Image OrganizerPicasa
22%
November 9, 2009Mobile AdvertisingAdMob
11%
November 11, 2015Cloud Softwarebebop
11%
July 7, 2005Broadband Internet AccessCurrent Communications Group
11%
February 12, 2001UsenetDeja
11%
May 12, 2005Social Networking ServiceDodgeball
11%
July 1, 2010Travel
Technology
ITA Software
11%
July 9, 2007Communications SecurityPostini
11%
February 2003Weblog SoftwarePyra Labs
11%

Score Distribution

Percentile by Number Answered

Percent of People with Each Score

Your Score History

You have not taken this quiz